Kickstart : Student's book

A lively course for teenagers which focuses on language and skills training and introduces FCE exam-type tasks.

Đã lưu trong:
书目详细资料
主要作者: Gude, Kathy
格式: 图书
语言:Undetermined
出版: English Oxford University 2001
主题:
标签: 添加标签
没有标签, 成为第一个标记此记录!
Thư viện lưu trữ: Trung tâm Học liệu Trường Đại học Cần Thơ
LEADER 00761nam a2200217Ia 4500
001 CTU_172008
008 210402s9999 xx 000 0 und d
082 |a 650.1 
082 |b G922/CD.2 
100 |a Gude, Kathy 
245 0 |a Kickstart : 
245 0 |b Student's book 
245 0 |c Kathy Gude, Michael Duckworth 
260 |a English 
260 |b Oxford University 
260 |c 2001 
520 |a A lively course for teenagers which focuses on language and skills training and introduces FCE exam-type tasks. 
650 |a Skills training,Đào tạo kỹ năng,Listening,Lắng nghe 
650 |x Ability testing,Khả năng kiểm tra 
904 |i Trân, Phỉ, Phương, Năm 
980 |a Trung tâm Học liệu Trường Đại học Cần Thơ